|
|
|
|
| LEADER |
00000naa2a2200000 4500 |
| 001 |
618976 |
| 005 |
20240122164909.0 |
| 035 |
|
|
|a (RuTPU)RU\TPU\conf\17369
|
| 035 |
|
|
|a RU\TPU\conf\17368
|
| 090 |
|
|
|a 618976
|
| 100 |
|
|
|a 20160623d2016 k y0rusy50 ba
|
| 101 |
0 |
|
|a eng
|
| 102 |
|
|
|a RU
|
| 105 |
|
|
|a y z 101zy
|
| 135 |
|
|
|a drcn ---uucaa
|
| 181 |
|
0 |
|a i
|
| 182 |
|
0 |
|a b
|
| 200 |
1 |
|
|a The optimization of surfactants technology on the basis of alkyl benzene sulphonic acid
|f A. A. Krutey, I. O. Dolganova
|g sci. ad. E. N. Ivashkina, ling. adv. I. O. Dolganova
|
| 203 |
|
|
|a Текст
|c электронный
|
| 225 |
1 |
|
|a Химия и химическая технология на иностранном языке
|
| 300 |
|
|
|a Заглавие с экрана
|
| 320 |
|
|
|a [Библиогр.: с. 512 (2 назв.)]
|
| 463 |
|
0 |
|0 (RuTPU)RU\TPU\conf\17060
|t Химия и химическая технология в XXI веке
|o материалы XVII Международной научно-практической конференции студентов и молодых ученых имени профессора Л.П. Кулёва, посвященной 120-летию Томского политехнического университета, 17–20 мая 2016 г., г. Томск
|f Национальный исследовательский Томский политехнический университет (ТПУ) ; Институт природных ресурсов (ИПР) ; Институт физики высоких технологий (ИФВТ) ; Физико-технический институт (ФТИ) ; Сибур-Холдинг
|v [С. 511-512]
|d 2016
|
| 610 |
1 |
|
|a труды учёных ТПУ
|
| 610 |
1 |
|
|a электронный ресурс
|
| 610 |
1 |
|
|a поверхностно-активные вещества
|
| 610 |
1 |
|
|a сульфоновые кислоты
|
| 610 |
1 |
|
|a математические модели
|
| 610 |
1 |
|
|a реакторы
|
| 700 |
|
1 |
|a Krutey
|b A. A.
|
| 701 |
|
1 |
|a Dolganova
|b I. O.
|c chemist
|c Associate Scientist of Tomsk Polytechnic University, postgraduate student, candidate of technical Sciences
|f 1988-
|g Irena Olegovna
|3 (RuTPU)RU\TPU\pers\31271
|9 15449
|
| 702 |
|
1 |
|a Ivashkina
|b E. N.
|c Chemical Engineer
|c Associate Professor of Tomsk Polytechnic University, Candidate of technical science
|f 1983-
|g Elena Nikolaevna
|4 727
|
| 702 |
|
1 |
|a Dolganova
|b I. O.
|c chemist
|c Junior research fellow Tomsk Polytechnic University, postgraduate student, candidate of technical Sciences
|f 1988-
|g Irena Olegovna
|4 570
|
| 712 |
0 |
2 |
|a Национальный исследовательский Томский политехнический университет (ТПУ)
|b Институт природных ресурсов (ИПР)
|b Кафедра химической технологии топлива и химической кибернетики (ХТТ)
|3 (RuTPU)RU\TPU\col\18665
|
| 801 |
|
2 |
|a RU
|b 63413507
|c 20160926
|g RCR
|
| 856 |
4 |
|
|u http://earchive.tpu.ru/handle/11683/30798
|
| 942 |
|
|
|c BK
|